000 00364pab a2200145 454500
008 180718b1995 xxu||||| |||| 00| 0 eng d
100 _aSathe, Vasant
245 _aConstitution
_bgo presidential for stability
260 _c1995
300 _ap.12
362 _a23 Apr
650 _aIndia - Politics and government
773 _aHindustan Times
909 _a28950
999 _c28950
_d28950